Wad Ben Naga Report. III, The Circular Building Complex /

Main Author: Vrtal, Vlastimil
Other Authors: Onderka, Pavel, 1982-, Honzl, Jiří
Language: English
Published: Prague : National Museum, 2019
Edition: First edition
Subjects:
Physical Description: 128 stran : ilustrace (některé barevné), plány ; 29 cm
Book
Saved in:
LEADER 02054nam a2200553 i 4500
001 nkc20193133317
003 CZ PrNK
005 20200529093052.0
007 ta
008 200505s2019 xr ae f 000 0 eng
015 |a cnb003133317 
020 |a 978-80-7036-612-7  |q (vázáno) 
035 |a (OCoLC)1200246426 
040 |a ABA001  |b cze  |e rda 
043 |a f-sj--- 
072 7 |a 902  |x Archeologie  |2 Konspekt  |9 8 
080 |a 902.2  |2 MRF 
080 |a 902:904  |2 MRF 
080 |a (624)  |2 MRF 
080 |a (048.8:082)  |2 MRF 
100 1 |a Vrtal, Vlastimil  |7 mzk2013800503  |4 aut 
245 1 0 |a Wad Ben Naga Report.  |n III,  |p The Circular Building Complex /  |c Vlastimil Vrtal, Pavel Onderka, Jiří Honzl 
246 3 0 |a Circular building complex 
250 |a First edition 
264 1 |a Prague :  |b National Museum,  |c 2019 
300 |a 128 stran :  |b ilustrace (některé barevné), plány ;  |c 29 cm 
336 |a text  |b txt  |2 rdacontent 
337 |a bez média  |b n  |2 rdamedia 
338 |a svazek  |b nc  |2 rdacarrier 
500 |a 300 výtisků 
504 |a Obsahuje bibliografii a bibliografické odkazy 
650 0 7 |a archeologické výzkumy  |7 ph118577  |z Súdán  |2 czenas 
650 0 7 |a archeologické nálezy  |7 ph137683  |z Súdán  |2 czenas 
650 0 7 |a archeologické lokality  |7 ph118575  |z Súdán  |2 czenas 
650 0 9 |a excavations (archaeology)  |z Sudan  |2 eczenas 
650 0 9 |a antiquities  |z Sudan  |2 eczenas 
650 0 9 |a archaeological sites  |z Sudan  |2 eczenas 
651 7 |a Wad Ben Naga (Súdán : archeologická lokalita)  |7 ge339154  |2 czenas 
651 9 |a Wad Ben Naga (Sudan : archaeological site)  |2 eczenas 
655 7 |a kolektivní monografie  |7 fd501537  |2 czenas 
655 9 |a collective monographs  |2 eczenas 
700 1 |a Onderka, Pavel,  |d 1982-  |7 ola20040616003  |4 aut 
700 1 |a Honzl, Jiří  |7 ola20191022504  |4 aut 
910 2 |a BOA001  |b 4-1390.296,3 
928 9 |a Národní muzeum 
990 |a BK 
995 |a 01 
991 |b 202005  |c NOV 
996 6 |b 2610823584  |c 4-1390.296,3  |l MZK  |r Sklad / do 1 hodiny  |n 0  |p p.v.  |w 001801937  |u 000010  |a 1  |e BOA001  |j MZK50  |s P